00689 2200253 4500001002100000005001700021008004100038020001800079035002400097082001000121090002000131100003000151245006600181250001100247260003500258300003000293500002600323650001100349700002400360850001500384985000600399999001500405999001500420YOGYA-0209000002822320090227024218.0 ind  a979-489-339-0 0010-020900000028223 a599.2 a599.2bPri AlT aPRIYONO, Siti Nuramaliati aAgar beo bicaracSiti Nuramaliati Priyono, Sri Paryati Waluyo aCet. 4 aJakartabPenebar Swadayac1998 aviii, 64 hlmbilusc21 cm aBibliografi : hlm. 63 aBurung aWaluyo, Sri Paryati aYOPDYOG(B) a2 a98P0115293 a98P0115294